00345nam a2200133Ia 4500008004100000041000800041082001500049100001600064245004500080250001400125260004800139300001300187365001100200240624s9999 xx 000 0 und d aeng a346.07 AGR aAGRAWAL K K aMERCANTILE LAWS FOR CPT WITH MULTIPLE CH a(4th ed.) c2010aNew DelhibBharat Law House Pvt. Ltd. a208 : p. cRSb15